| 000 | 01286nam a22003377a 4500 | ||
|---|---|---|---|
| 003 | CHAP | ||
| 005 | 20220329143527.0 | ||
| 008 | 100408s2008 mx a r 00010 spa d | ||
| 010 | _a98031 | ||
| 011 | _a99003 | ||
| 035 | _a109688 | ||
| 040 | _cCHAP | ||
| 090 | _aTesis | ||
| 100 | 1 |
_aDíaz Neri, Oscar. _933570 |
|
| 245 | 1 | 0 |
_aProducción de sandía en respuesta a la fertilización con nitrógeno, fósforo y potasio en la cuenca del Balsas _c/por Oscar Díaz Neri |
| 260 |
_aCocula, Gro. : _bEl autor, _c2008 |
||
| 300 |
_a59 h. : _bilus., cuadros, gráfs. |
||
| 502 | _aTesis (Ing. Agr. Fitotecnista) -- Colegio Superior Agropecuario del Estado de Guerrero, Centro de Estudios Profesionales | ||
| 590 |
_aALEPH _b10 _c20130110 _lUCH01 _h1533 |
||
| 590 |
_aBATCH-UPD _b10 _c20130110 _lUCH01 _h0937 |
||
| 590 |
_aBATCH-UPD _b10 _c20130410 _lUCH01 _h0555 |
||
| 590 |
_aBATCH-UPD _b10 _c20130914 _lUCH01 _h1217 |
||
| 590 |
_aCONVERSION _b10 _c20130109 _lUCH01 _h1354 |
||
| 650 | 0 | 4 |
_aSandía _xRendimiento. _9102081 |
| 650 | 1 | 4 |
_aFertilizantes _xEfecto en sandía. _940550 |
| 650 | 1 | 4 |
_aNitrógeno _xEfecto en sandía. _981459 |
| 650 | 1 | 4 |
_aPotasio _xEfecto en sandía. _991111 |
| 901 | _aBK | ||
| 942 | _cTESIS | ||
| 949 |
_aTesis _bBC _cTES _d33724002116884 _eTS1 _gDonaciØn _h50314 _i109688 _sb |
||
| 999 |
_c98031 _d98031 |
||